Statistics for Lönd næst Íslandi

Click here to take the quiz!

General Stats

  • This quiz has been taken 42 times
  • The average score is 9 of 20

Answer Stats

kmland% Correct
1079Írland
73%
1639Kanada
70%
1472Danmörk
51%
1239Svíþjóð
(Svithjod)
51%
1815Rússland
49%
1632Þýskaland
(Thyskaland)
49%
783Bretland
46%
1773Frakkland
46%
285Grænland
46%
973Noregur
46%
1783Belgía
43%
1501Finnland
43%
1657Holland
41%
1949Eistland
38%
2024Lettland
38%
434Færeyjar
32%
2103Litháen
32%
1971Pólland
32%
2229Tékkland
32%
1989Lúxemborg
27%

Score Distribution

Percentile by Number Answered

Percent of People with Each Score

Your Score History

You have not taken this quiz